[Event "Lombardia Region-ch"]
[Site "Solaro"]
[Date "2011.05.28"]
[Round "2"]
[White "Marchini, Daniele"]
[Black "Maccarini, Luca"]
[Result "1/2-1/2"]
[WhiteElo "1799"]
[BlackElo "1937"]
[PlyCount "86"]
[EventDate "2011.05.27"]
[EventType "swiss"]
[EventRounds "5"]
[EventCountry "ITA"]
[SourceTitle "EXT 2023"]
[Source "ChessBase"]
[SourceDate "2022.10.05"]
[SourceVersion "1"]
[SourceVersionDate "2022.10.05"]
[SourceQuality "1"]

1. d4 d5 2. c4 Bf5 3. Nc3 e6 4. Nf3 c6 5. Bf4 Bd6 6. Bxd6 Qxd6 7. e3 Nf6 8. Bd3 0-0 9. cxd5 Bxd3 10. Qxd3 exd5 11. 0-0 Re8 12. Ne2 Nbd7 13. Ng3 Ne4 14. Nh5 g6 15. Nf4 f5 16. Nd2 Qe7 17. Nxe4 fxe4 18. Qe2 Nf6 19. g3 Qf7 20. h4 h6 21. Kg2 g5 22. hxg5 hxg5 23. Nh3 Qg6 24. Rh1 Kg7 25. Rh2 Rh8 26. Rah1 Qf5 27. Ng1 Rxh2+ 28. Rxh2 g4 29. Rh4 Rh8 30. Rxh8 Kxh8 31. Qd1 Nh7 32. Qb3 Qf7 33. Qa3 Ng5 34. Qxa7 Nh3 35. Qb8+ Kh7 36. Nxh3 gxh3+ 37. Kxh3 Qh5+ 38. Kg2 Qf3+ 39. Kg1 Qd1+ 40. Kh2 Qh5+ 41. Kg2 Qf3+ 42. Kg1 Qd1+ 43. Kh2 Qh5+ 1/2-1/2

[Event "Varese op 9th"]
[Site "Varese"]
[Date "2009.10.10"]
[Round "2"]
[White "Fantina, Carla"]
[Black "Maccarini, Luca"]
[Result "0-1"]
[WhiteElo "1728"]
[BlackElo "1838"]
[PlyCount "100"]
[EventDate "2009.10.10"]
[EventType "swiss"]
[EventRounds "6"]
[EventCountry "ITA"]
[SourceTitle "EXT 2024"]
[Source "ChessBase"]
[SourceDate "2023.10.10"]
[SourceVersion "1"]
[SourceVersionDate "2023.10.10"]
[SourceQuality "1"]

1. c4 Nf6 2. Nc3 e6 3. g3 d5 4. cxd5 exd5 5. d4 Be7 6. Bg2 0-0 7. Nf3 c6 8. 0-0 h6 9. h3 Bf5 10. Qb3 Qc8 11. Kh2 Na6 12. Bf4 Re8 13. Rac1 Bb4 14. Ne5 Bxc3 15. bxc3 Nh5 16. Be3 Nf6 17. c4 dxc4 18. Nxc4 Be6 19. Qa3 Bxc4 20. Rxc4 Nc7 21. Qd3 Ncd5 22. a4 Qe6 23. Bxd5 Nxd5 24. a5 Nxe3 25. fxe3 Qxe3 26. Qxe3 Rxe3 27. Rf2 Ra3 28. Rc5 Rd8 29. a6 Rxa6 30. e3 Rd5 31. Rcc2 Raa5 32. g4 Rab5 33. Kg3 a5 34. h4 a4 35. Kf4 a3 36. Ke4 Rb3 37. Ra2 Rdb5 38. Rf4 Rc3 39. Raf2 Rbb3 40. R4f3 f6 41. Re2 Rb2 42. Rff2 Rcb3 43. Kf3 Rxe2 44. Rxe2 Rb2 45. Re1 a2 46. Ra1 b5 47. Ke4 b4 48. Kd3 b3 49. Rc1 Rb1 50. Rxc6 a1Q 0-1

[Event "Bergamo op 7th"]
[Site "Bergamo"]
[Date "2008.09.14"]
[Round "6"]
[White "Sala, Giovanni"]
[Black "Maccarini, Luca"]
[Result "1-0"]
[WhiteElo "1970"]
[BlackElo "1920"]
[PlyCount "61"]
[EventDate "2008.09.12"]
[EventType "swiss"]
[EventRounds "6"]
[EventCountry "ITA"]
[SourceTitle "CBM 126 Extra"]
[Source "ChessBase"]
[SourceDate "2008.11.05"]
[SourceVersion "1"]
[SourceVersionDate "2008.11.05"]
[SourceQuality "1"]

1. c4 e6 2. Nf3 Nf6 3. Nc3 d5 4. cxd5 exd5 5. d4 Be7 6. g3 0-0 7. Bg2 Bf5 8. Qb3 Nc6 9. Qxb7 Nb4 10. 0-0 Nc2 11. Rb1 Na3 12. bxa3 Bxb1 13. Qxb1 Rb8 14. Qc2 c5 15. Bg5 h6 16. Bxf6 Bxf6 17. e3 cxd4 18. Nxd4 Rc8 19. Qb3 Qa5 20. Nxd5 Rb8 21. Nxf6+ gxf6 22. Qd5 Qxd5 23. Bxd5 Rb2 24. Rc1 Rfb8 25. Bb3 a5 26. a4 Kg7 27. Rc7 Kg6 28. Bxf7+ Kg5 29. Rc5+ f5 30. Rxf5+ Kg4 31. Rf4+ 1-0

[Event "Bratto op-B 28th"]
[Site "Bratto"]
[Date "2008.08.25"]
[Round "3"]
[White "Maccarini, Luca"]
[Black "Mandolini, Riccardo"]
[Result "1/2-1/2"]
[WhiteElo "1920"]
[BlackElo "1946"]
[PlyCount "68"]
[EventDate "2008.08.23"]
[EventType "swiss"]
[EventRounds "9"]
[EventCountry "ITA"]
[SourceTitle "EXT 2011"]
[Source "ChessBase"]
[SourceDate "2010.11.26"]
[SourceVersion "1"]
[SourceVersionDate "2010.11.26"]
[SourceQuality "1"]

1. d4 d5 2. Nf3 Nf6 3. c4 c6 4. Nc3 e6 5. Bg5 Be7 6. e3 Nbd7 7. Bd3 b6 8. 0-0 h6 9. Bh4 0-0 10. Rc1 Bb7 11. cxd5 cxd5 12. Qe2 Rc8 13. Nb5 a6 14. Nc3 b5 15. a4 b4 16. Na2 Qa5 17. Ne5 Bd6 18. f4 Qxa4 19. Ra1 Qa5 20. Be1 Qb6 21. Nc1 Ra8 22. Nb3 Bxe5 23. fxe5 Ne4 24. Na5 f5 25. Nxb7 Qxb7 26. Rxa6 Rxa6 27. Bxa6 Qb6 28. Bb5 Rd8 29. Bxb4 Nb8 30. Rc1 Qb7 31. Ba3 Rc8 32. Rf1 Qb6 33. Rd1 Qa5 34. Bd3 Ng5 1/2-1/2

[Event "Gorgonzola op-B 12th"]
[Site "Gorgonzola"]
[Date "2007.11.18"]
[Round "6"]
[White "Maccarini, Luca"]
[Black "Virzi, Ettore"]
[Result "1/2-1/2"]
[WhiteElo "1884"]
[BlackElo "1956"]
[PlyCount "30"]
[EventDate "2007.11.10"]
[EventType "swiss"]
[EventRounds "6"]
[EventCountry "ITA"]
[SourceTitle "EXT 2010"]
[Source "ChessBase"]
[SourceDate "2010.11.25"]
[SourceVersion "1"]
[SourceVersionDate "2010.11.25"]
[SourceQuality "1"]

1. d4 Nf6 2. Nf3 g6 3. c4 Bg7 4. Nc3 0-0 5. e4 d6 6. h3 c5 7. d5 b5 8. cxb5 a6 9. a4 Nfd7 10. Bd3 axb5 11. Nxb5 Na6 12. 0-0 Nb4 13. Ra3 Nb6 14. b3 f5 15. Bc4 h6 1/2-1/2

[Event "Bergamo op 19th"]
[Site "Bergamo"]
[Date "2007.01.21"]
[Round "5"]
[White "De Palma, Fabrizio"]
[Black "Maccarini, Luca"]
[Result "1-0"]
[WhiteElo "1984"]
[BlackElo "1835"]
[PlyCount "77"]
[EventDate "2007.01.13"]
[EventType "swiss"]
[EventRounds "6"]
[EventCountry "ITA"]
[SourceTitle "EXT 2009"]
[Source "ChessBase"]
[SourceDate "2008.11.26"]
[SourceVersion "1"]
[SourceVersionDate "2008.11.26"]
[SourceQuality "1"]

1. e4 e5 2. Nf3 Nf6 3. d4 Nxe4 4. Bd3 d5 5. Nxe5 Nd7 6. Nxd7 Bxd7 7. 0-0 Bd6 8. c4 c6 9. Qe2 0-0 10. cxd5 Re8 11. Bxe4 cxd5 12. Bxh7+ Kxh7 13. Qh5+ Kg8 14. Nc3 g6 15. Qg5 Be7 16. Qxd5 Qc8 17. Qf3 Bg4 18. Qg3 Kg7 19. Bf4 Rh8 20. Rfe1 Bh4 21. Qe3 Qd7 22. Be5+ f6 23. Bg3 Rae8 24. Qf4 Bxg3 25. Qxg3 Qxd4 26. h3 Bf5 27. Qc7+ Kh6 28. Rxe8 Rxe8 29. Qxb7 Re5 30. Rd1 Qh4 31. Qf3 Bc2 32. Rd2 Re1+ 33. Kh2 Bf5 34. g4 Bc8 35. Qg3 Qg5 36. f4 Qc5 37. Qh4+ Kg7 38. Qxe1 Bb7 39. Rd7+ 1-0